000 00416nam a2200157 i 4500
020 _a0846502615
040 _cDLC
082 0 0 _a512 CUM 1976 A057 Or.
_a516/.24
245 0 0 _aTrigonometry with applications /
260 _aMenlo Park, Calif. :
_bCummings Pub. Co.,
_cc1976.
300 _a121 p. :
_bill. ;
_c24 cm.
500 _aIncludes index.
650 0 _aTrigonometry.
700 1 _aAblon, Leon J.
942 _cEK
999 _c14090
_d14090